000 00431nam a2200181Ia 4500
008 090124s9999 xx 000 0 und d
082 _b45992
100 _aMAHESHWARI OMPRAKASH
245 _aBIOLOGY DICTIONARY
250 _a4
260 _c2003
300 _a446
600 _aMAHESHWARI OMPRAKASH
630 _aBIOLOGY DICTIONARY
700 _aMAHESHWARI OMPRAKASH
730 _aBIOLOGY DICTIONARY
942 _cBOOK
999 _c112181
_d112181